000 00629nam a2200241Ia 4500
003 OSt
005 20221007071149.0
006 a|||||r|||| 00| 0
007 ta
008 221006b |||||||| |||| 00| 0 eng d
024 _a24,778
037 _cTextual
040 _aFLL
_cFLL
_beng
041 _2eng
_aeng
082 _aZ3y7, H5
100 _aJones Sir Thomas Artemus
_9688253
245 0 _aWithout my wig
250 _a2nd
260 _aLiverpool
_bThe Brython Press Liverpool
_c1945
300 _a1-185p
_ccm.
942 _hZ3y7, H5
_cTEXL
_2CC
999 _c1142610
_d1142610